logo

Bir Sreshtho Munshi Abdur Rouf Library
Jhenaidah Cadet College

Refresher course in B.Sc. Physics / (Record no. 9069)

MARC details
000 -LEADER
fixed length control field 00599nam a2200241 a 4500
001 - CONTROL NUMBER
JCCL Control Number 9069
003 - CONTROL NUMBER IDENTIFIER
JCCL marc code BD-JhCC
005 - DATE AND TIME OF LATEST TRANSACTION
control field 20180308131822.0
008 - FIXED-LENGTH DATA ELEMENTS--GENERAL INFORMATION
fixed length control field 180308r19572004I a|||| |||| 000 0 eng d
020 ## - INTERNATIONAL STANDARD BOOK NUMBER
International Standard Book Number 8121904668
035 ## - SYSTEM CONTROL NUMBER
system control number (BD-JhCC)9069
040 ## - CATALOGING SOURCE
Original cataloging agency BD-JhCC
Modifying agency BD-JhCC
041 ## - LANGUAGE CODE
Language code of Book eng
082 ## - DEWEY DECIMAL CLASSIFICATION NUMBER
DDC Edition number 16
Classification number 530
Author mark and Year ARO 2004
100 ## - MAIN ENTRY--PERSONAL NAME
Personal name Arora, C.L
245 ## - TITLE STATEMENT
Title Refresher course in B.Sc. Physics /
Statement of responsibility, etc C.L, Arora
250 ## - EDITION STATEMENT
Edition statement 16
260 ## - PUBLICATION, DISTRIBUTION, ETC. (IMPRINT)
Place of publication, distribution, etc India
Name of publisher, distributor, etc S. Chand and Copany ltd
Date of publication, distribution, etc 2004
300 ## - PHYSICAL DESCRIPTION
Pagination 384 p.:
Other physical details ill. ;
Dimensions 25 cm.
650 ## - SUBJECT ADDED ENTRY--TOPICAL TERM
Topical term or geographic name as entry element Physics
942 ## - ADDED ENTRY ELEMENTS (KOHA)
Source of classification or shelving scheme Dewey Decimal Classification
Koha item type Books
Holdings
Source of classification or shelving scheme volume number Damaged status Not for loan Home library Current library Shelving location Date of accession Total Checkouts Full call number Barcode Date last seen Date checked out Copy number Koha item type
Dewey Decimal Classification V-2     JCC Rouf Library JCC Rouf Library General Stacks 03/08/2018 3 530 ARO 2004 11662 11/12/2025 07/09/2025 C-1 Books
Dewey Decimal Classification V-1     JCC Rouf Library JCC Rouf Library General Stacks 04/17/2018 2 530 ARO 2004 11749 11/12/2024 11/10/2024 C-2 Books

JCC Library | Contacts | JCC Home

Last Update on 23 September 2017
Copyright @ 2017-2020 JCC Rouf Library
Rouf Library, Jhenidah Cadet College (JCC), Bangladesh